000 00603nam a2200265Ia 4500
005 20260306164556.0
008 008 260114s9999 xx 000 0 eng d
020 _a9780300213126
037 _aEBOOK
040 _aCRL
040 _beng
040 _cCRL
041 _2eng
041 _aeng
084 _qCRL
100 _aAllport
_91131090
245 0 _aBrowned Off And Bloody-minded
260 _bYale University Press
260 _c2015
650 _aHistory
856 _uhttps://academic.oup.com/book/29717
942 _cEBOOK
999 _c1714584
_d1714584